Liga MX Teams With More Than One Title - Statistics

General Stats
  • This quiz has been taken 142 times
    140 since last reset
  • The average score is 12 of 16
Answer Stats
Hint Answer % Correct
13 America
100%
12 Chivas
100%
7 Tigres
97%
9 Cruz Azul
95%
10 Toluca
95%
8 Leon
94%
7 Pumas
92%
6 Pachuca
89%
2 Atlas
83%
6 Santos
82%
2 Puebla
77%
3 Necaxa
75%
5 Rayados
67%
3 Atlante
57%
2 Veracruz
44%
2 Zacatapec
2%
No matching quizzes found
Score Distribution
Percent of People with Each Score
Percentile by Number Answered
Your Score History
You have not taken this quiz since the last reset